Štruktúra a smerovanie fariem rastlinnej výroby v členských štátoch Európskej únie
Štrukturálno-procesné zmeny a trendy v poľnohospodárstve krajín EÚ. Špecializácia a koncentrácia fariem v rastlinnej výrobe. Štruktúra fariem v Európskej únii. Hrubá poľnohospodárska produkcia Slovenska. Analýza príčin diferenciácie v rastlinnej výrobe Slovenska oproti EÚ.
Uložené v:
| Hlavný autor: | |
|---|---|
| Ďalší autori: | |
| Médium: | Kapitola |
| Jazyk: | Slovak |
| Predmet: | |
| Tagy: |
Žiadne tagy, Buďte prvý, kto otaguje tento záznam!
|
MARC
| LEADER | 00000naa$a2200000$$$4500 | ||
|---|---|---|---|
| 001 | 0003514 | ||
| 005 | 20230929065330.1 | ||
| 041 | 0 | |a slo | |
| 044 | |a SK | ||
| 245 | 1 | 0 | |a Štruktúra a smerovanie fariem rastlinnej výroby v členských štátoch Európskej únie |c aut. Jozef Hudák, Patrik Rovný |
| 520 | |a Štrukturálno-procesné zmeny a trendy v poľnohospodárstve krajín EÚ. Špecializácia a koncentrácia fariem v rastlinnej výrobe. Štruktúra fariem v Európskej únii. Hrubá poľnohospodárska produkcia Slovenska. Analýza príčin diferenciácie v rastlinnej výrobe Slovenska oproti EÚ. | ||
| 610 | 2 | 0 | |a Európska únia |
| 610 | 2 | 0 | |a výroba rastlinná |
| 610 | 2 | 0 | |a farmy |
| 610 | 2 | 0 | |a špecializácia |
| 610 | 2 | 0 | |a intenzifikácia poľnohospodárstva |
| 610 | 2 | 0 | |a koncentrácia |
| 100 | 1 | |a Hudák, Jozef | |
| 700 | 1 | |a Rovný, Patrik | |